Sử thi Chăm

Giới thiệu sử thi "Tiếng cồng của ông bà Hbia Lơ Đă và tác phẩm Tiếng cồng của ông bà Hbia Lơ Đă bằng tiếng Chăm Hơroi

Na minha lista:
Detalhes bibliográficos
Autor principal: Inrasara
Formato: Livro
Idioma:Undetermined
Publicado em: Hà Nội Khoa học - Xã hội 2014
Assuntos:
Tags: Adicionar Tag
Sem tags, seja o primeiro a adicionar uma tag!
Thư viện lưu trữ: Trung tâm Học liệu Trường Đại học Cần Thơ
LEADER 00786nam a2200193Ia 4500
001 CTU_209658
008 210402s9999 xx 000 0 und d
082 |a 895.931032 
082 |b I.35/Q.2 
100 |a Inrasara 
245 0 |a Sử thi Chăm 
245 0 |c Inrasara, Phan Đăng Nhật (Chủ biên) 
260 |a Hà Nội 
260 |b Khoa học - Xã hội 
260 |c 2014 
520 |a Giới thiệu sử thi "Tiếng cồng của ông bà Hbia Lơ Đă và tác phẩm Tiếng cồng của ông bà Hbia Lơ Đă bằng tiếng Chăm Hơroi 
650 |a Văn học sử thi Việt Nam,Epic literature, Vietnamese 
904 |i Huỳnh Thị Ngọc Ngân,Hải 
980 |a Trung tâm Học liệu Trường Đại học Cần Thơ